000 00332nam a2200157Ia 4500
003 0STCL
008 150530s9999 xx 000 0 und d
040 _aSTCL
_cSTCL
100 _aChesterton, G.K; Ed
245 _aHeretics
260 _c1905
546 _aEnglish
942 _2ddc
_cBK
999 _c3500
_d3500
005 20220125165334.0